International routes from Tokyo Haneda International Airport (HND) - Statistics

General Stats
  • This quiz has been taken 109 times
    24 since last reset
  • The average score is 106 of 121
Answer Stats
Airline International Route Country % Correct
ANA Bangkok-Suvarnabhumi Thailand
100%
Japan Airlines Bangkok-Suvarnabhumi Thailand
100%
Thai Airways International Bangkok-Suvarnabhumi Thailand
100%
Air China Beijing-Capital China
100%
ANA Beijing-Capital China
100%
Hainan Airlines Beijing-Capital China
100%
Japan Airlines Beijing-Capital China
100%
China Eastern Airlines Beijing-Daxing China
100%
China Southern Airlines Beijing-Daxing China
100%
VietJet Air Da Nang Vietnam
100%
Air India Delhi India
100%
ANA Delhi India
100%
Japan Airlines Delhi India
100%
ANA Ho Chi Minh City Vietnam
100%
ANA Jakarta-Soekarno-Hatta Indonesia
100%
Garuda Indonesia Jakarta-Soekarno-Hatta Indonesia
100%
Air Asia X Kuala Lumpur-International Malaysia
100%
ANA Kuala Lumpur-International Malaysia
100%
ANA Manila Phillippines
100%
Japan Airlines Manila Philippines
100%
Philippine Airlines Manila Phillippines
100%
Air India Mumbai-Shivaji India
100%
ANA Munich Germany
100%
Lufthansa Munich Germany
100%
Air France Paris-Charles de Gaulle France
100%
ANA Paris-Charles de Gaulle France
100%
Japan Airlines Paris-Charles de Gaulle France
100%
ANA San Francisco United States of America
100%
Japan Airlines San Francisco United States of America
100%
United Airlines San Francisco United States of America
100%
ANA Seoul-Gimpo South Korea
100%
Asiana Airlines Seoul-Gimpo South Korea
100%
Japan Airlines Seoul-Gimpo South Korea
100%
Korean Air Seoul-Gimpo South Korea
100%
Asiana Airlines Seoul-Incheon South Korea
100%
Korean Air Seoul-Incheon South Korea
100%
Peach Seoul-Incheon South Korea
100%
Air Canada Toronto-Pearson Canada
100%
ANA Frankfurt Germany
93%
Lufthansa Frankfurt Germany
93%
Vietnam Airlines Hanoi Vietnam
93%
ANA Hong Kong China
93%
Cathay Pacific Hong Kong China
93%
HK Express Hong Kong China
93%
Japan Airlines Hong Kong China
93%
ANA Houston-Intercontinental United States of America
93%
ANA Istanbul Turkiye
93%
Turkish Airlines Istanbul Turkiye
93%
ANA London-Heathrow United Kingdom
93%
British Airways London-Heathrow United Kingdom
93%
Japan Airlines London-Heathrow United Kingdom
93%
ANA Los Angeles United States of America
93%
American Airlines Los Angeles United States of America
93%
Delta Airlines Los Angeles United States of America
93%
Japan Airlines Los Angeles United States of America
93%
United Airlines Los Angeles United States of America
93%
ANA Milan-Malpensa Italy
93%
ANA New York-JFK United States of America
93%
American Airlines New York-JFK United States of America
93%
Japan Airlines New York-JFK United States of America
93%
ITA Airways Rome-Fiumicino Italy
93%
Delta Airlines Atlanta United States of America
86%
ANA Chicago-O'Hare United States of America
86%
Japan Airlines Chicago-O'Hare United States of America
86%
United Airlines Chicago-O'Hare United States of America
86%
American Airlines Dallas/Fort Worth United States of America
86%
Japan Airlines Dallas/Fort Worth United States of America
86%
Finnair Helsinki Finland
86%
Japan Airlines Helsinki Finland
86%
ANA Seattle/Tacoma United States of America
86%
Delta Airlines Seattle/Tacoma United States of America
86%
Spring Airlines Shanghai China
86%
ANA Shanghai-Hongqiao China
86%
China Eastern Airlines Shanghai-Hongqiao China
86%
Japan Airlines Shanghai-Hongqiao China
86%
Shanghai Airlines Shanghai-Hongqiao China
86%
ANA Shanghai-Pudong China
86%
China Eastern Airlines Shanghai-Pudong China
86%
Japan Airlines Shanghai-Pudong China
86%
Juneyo Air Shanghai-Pudong China
86%
Peach Shanghai-Pudong China
86%
Shanghai Airlines Shanghai-Pudong China
86%
ANA Singapore Singapore
86%
Japan Airlines Singapore Singapore
86%
Scoot Airlines Singapore Singapore
86%
Singapore Airlines Singapore Singapore
86%
ANA Sydney Australia
86%
Japan Airlines Sydney Australia
86%
Qantas Sydney Australia
86%
ANA Taipei-Songshan Taiwan
86%
China Airlines Taipei-Songshan Taiwan
86%
EVA Air Taipei-Songshan Taiwan
86%
Japan Airlines Taipei-Songshan Taiwan
86%
Peach Taipei-Taoyuan Taiwan
86%
TigerAir Taiwan Taipei-Taoyuan Taiwan
86%
ANA Vancouver Canada
86%
ANA Washington-Dulles United States of America
86%
United Airlines Washington-Dulles United States of America
86%
Emirates Dubai-International United Arab Emirates
79%
ANA Stockholm-Arlanda Sweden
79%
Japan Airlines Doha Qatar
71%
ANA Guangzhou China
71%
China Southern Airlines Guangzhou China
71%
Japan Airlines Guangzhou China
71%
ANA Honolulu United States of America
71%
Delta Airlines Honolulu United States of America
71%
Hawaiian Airlines Honolulu United States of America
71%
Japan Airlines Honolulu United States of America
71%
ANA Shenzhen China
71%
Tianjin Airlines Tianjin China
71%
XiamenAir Tianjin China
71%
ANA Vienna Austria
71%
Scandinavian Airlines Copenhagen Denmark
64%
Delta Airlines Detroit United States of America
64%
Delta Airlines Minneapolis/St.Paul United States of America
57%
United Airlines Newark United States of America
57%
United Airlines Guam United States of America
50%
ANA Qingdao China
50%
Japan Airlines Ho Chi Minh City Vietnam
43%
VietJet Air Ho Chi Minh City Vietnam
43%
Japan Airlines Dalian China
29%
No matching quizzes found
Score Distribution
Percent of People with Each Score
Percentile by Number Answered
Your Score History
You have not taken this quiz since the last reset